000 00239nam a22000977a 4500
005 20250901165431.0
008 210330b ||||| |||| 00| 0 eng d
050 _aHD47.3 .B47 1964
245 _aPurchasing guide
_cBERRY, HAROLD A.
942 _2lcc
999 _c3897
_d3897